000 00551 a2200217 4500
001 49842
020 _a9788541812498
020 _a9788560820788
041 _apor
082 _aP Year 2 808
250 _a. ed.
300 _a[28] p.
697 _aLiteratura infantojuvenil canadense.
856 _u000002/000002cf.jpg
040 _aBR-BrIDEA
_cBR-BrIDEA
090 _aP Year 2 808
_bCHA
100 _aChartrand, Lili
_d1963
245 1 0 _aO monstro que adorava ler
_c Lili Chartrand
260 _a[S.l.]
_bComboio de Corda
_c2009
942 _cBK
999 _c49842
_d49842